Návrh a výroba pamätnej medaily

Na minha lista:
Detalhes bibliográficos
Autor principal: Zicho, Peter (Author)
Outros Autores: Morovič, Ladislav (Thesis advisor)
Formato: Manuscrito Livro
Idioma:eslovaco
Publicado em: 2018
Assuntos:
Acesso em linha:http://is.stuba.sk/zp/portal_zp.pl?podrobnosti=138695
Tags: Adicionar Tag
Sem tags, seja o primeiro a adicionar uma tag!

MARC

LEADER 00000ntm a22000003a 4500
001 stuzp68111
003 SK-STU
005 20180820160013.0
007 ta
008 150427s2015----xo-----f-mn---000-0-slo-d
040 |a STU  |b slo 
041 0 |a slo 
100 1 |a Zicho, Peter  |u 063000  |4 aut  |U MTF Materiálovotechnologická fakulta  |T MTF Ústav výrobných technológií  |X 71688  |U M3000  |Y 83  |7 71688 
242 0 1 |a Design and manufacturing of commemorative medal  |y eng 
245 1 0 |a Návrh a výroba pamätnej medaily 
260 |c 2018 
650 4 |a medaila  |2 slo 
650 4 |a softvér  |2 slo 
650 4 |a model  |2 slo 
650 4 |a ArtCAM  |2 slo 
650 4 |a medal  |2 eng 
650 4 |a model  |2 eng 
650 4 |a ArtCAM  |2 eng 
650 4 |a CAD/CAM software  |2 eng 
700 1 |a Morovič, Ladislav  |u 063600  |k Z1  |4 ths  |U MTF Ústav výrobných technológií  |T MTF Katedra obrábania a tvárnenia  |X 38280  |U M3600  |Y 841  |7 A000038280 
856 4 |u http://is.stuba.sk/zp/portal_zp.pl?podrobnosti=138695 
996 |c M* DP-13559  |l MMSKP  |s P  |a 0  |w stuzp68111_0001